| 000 | 00370nam a22001337a 4500 | ||
|---|---|---|---|
| 999 |
_c508000 _d508000 |
||
| 008 | 190302b ||||| |||| 00| 0 eng d | ||
| 100 |
_aKabeer, Naila _92967 |
||
| 245 |
_aWomen workers and the politics of claims making: _bthe local and the global |
||
| 260 | _c2018 | ||
| 300 | _ap.759-789. | ||
| 773 | _aDevelopment and Change | ||
| 906 | _aWomen | ||
| 942 |
_2ddc _cAR |
||